| 000 | 00589nam a22002057a 4500 | ||
|---|---|---|---|
| 005 | 20251108165841.0 | ||
| 008 | 250721s1999 xx 000 0 ara d | ||
| 082 | 1 | 4 | _a631.6/دجو |
| 100 | 1 | _aالدجوي، علي | |
| 245 | 1 | 0 | _aإستصلاح و إستزراع الأراضي و تغذية النبات / |
| 264 | 1 |
_aالقاهرة : _c1999. |
|
| 300 | _a574ص | ||
| 650 | 1 | 7 | _aالزراعة |
| 650 | 1 | 7 | _aإستصلاح الأراضي |
| 650 | 1 | 7 | _aالأسمدة |
| 650 | 1 | 7 | _aالتربة |
| 650 | 1 | 7 | _aالإصلاح الزراعي |
| 942 |
_2ddc _cBK |
||
| 999 |
_c32900 _d32900 |
||